[Event "Baden-ch"]
[Site "Oberwinden"]
[Date "2007.04.11"]
[Round "8"]
[White "Prill, Gerhard"]
[Black "Klatt, Marcel"]
[Result "1-0"]
[WhiteElo "2109"]
[BlackElo "1862"]
[PlyCount "125"]
[EventDate "2007.04.06"]
[EventType "swiss"]
[EventRounds "11"]
[EventCountry "GER"]
[SourceTitle "CBM 117 Extra"]
[Source "ChessBase"]
[SourceDate "2007.05.09"]
[SourceVersion "1"]
[SourceVersionDate "2007.05.09"]
[SourceQuality "1"]

1. e4 e5 2. Nf3 Nc6 3. Bc4 Be7 4. 0-0 Nf6 5. Re1 0-0 6. d4 d6 7. h3 exd4 8. Nxd4 Nxd4 9. Qxd4 Bd7 10. Nc3 Bc6 11. Be3 Nd7 12. Qd3 Bf6 13. f3 Nb6 14. Bb3 Re8 15. Rad1 Qd7 16. Bd4 Bxd4+ 17. Qxd4 Qe7 18. Re2 Qe5 19. Qe3 Qg3 20. Red2 Bd7 21. Ne2 Qg6 22. Kh1 Be6 23. Nd4 Bxb3 24. Qxb3 a6 25. Qc3 Re7 26. Qb3 Ree8 27. a4 Rab8 28. Nf5 Na8 29. Qc3 f6 30. a5 Qf7 31. b4 Qe6 32. Rd5 Kh8 33. Qd3 Rf8 34. Qc3 Rfe8 35. Qe1 Qf7 36. Qf2 Re5 37. Qa7 Qe8 38. c4 Qf8 39. R5d4 Ree8 40. Ne3 Red8 41. R4d3 Kg8 42. Nf5 Qe8 43. Rd5 Qf8 44. Qd4 Re8 45. Qd2 g6 46. Nh6+ Kg7 47. Ng4 Qf7 48. Qh6+ Kh8 49. Qf4 Re7 50. Qxf6+ Qxf6 51. Nxf6 Kg7 52. Ng4 Rbe8 53. Kh2 Kf7 54. Kg3 Rc8 55. Kf4 Kg7 56. h4 Rf8+ 57. Ke3 Rfe8 58. h5 Rf8 59. g3 Rfe8 60. Rh1 Rh8 61. f4 Rd7 62. Rg5 c6 63. f5 1-0

[Event "Baden-ch"]
[Site "Oberwinden"]
[Date "2007.04.08"]
[Round "4"]
[White "Kick, Joachim"]
[Black "Klatt, Marcel"]
[Result "1-0"]
[WhiteElo "2191"]
[BlackElo "1862"]
[PlyCount "73"]
[EventDate "2007.04.06"]
[EventType "swiss"]
[EventRounds "11"]
[EventCountry "GER"]
[SourceTitle "CBM 117 Extra"]
[Source "ChessBase"]
[SourceDate "2007.05.09"]
[SourceVersion "1"]
[SourceVersionDate "2007.05.09"]
[SourceQuality "1"]

1. Nf3 d5 2. d4 Nf6 3. c4 e6 4. Nc3 c6 5. e3 Bd6 6. Qc2 Nbd7 7. Bd3 Qc7 8. 0-0 h6 9. e4 dxe4 10. Nxe4 Nxe4 11. Bxe4 Nf6 12. c5 Be7 13. b4 Bd7 14. Bd2 Nd5 15. Rab1 a6 16. Rfe1 Bf6 17. a4 0-0 18. Ne5 Qd8 19. Rb3 Re8 20. Qc1 Kf8 21. Rg3 Ke7 22. f4 Rf8 23. Rf3 Ke8 24. f5 Qe7 25. Nc4 Bxd4+ 26. Kh1 Kd8 27. Bxd5 cxd5 28. Nb6 Ra7 29. Nxd5 Qe8 30. fxe6 fxe6 31. Rxf8 Qxf8 32. Rf1 Qe8 33. Nb6 Ke7 34. Be3 Bxe3 35. Qxe3 Bxa4 36. Qe5 a5 37. Qd6# 1-0